La buena letra (Record no. 4677)

MARC details
000 -CABECERA
campo de control de longitud fija 02356nam a22002297a 4500
008 - DATOS DE LONGITUD FIJA--INFORMACIÓN GENERAL
campo de control de longitud fija 250516b |||||||| |||| 00| 0 eng d
020 ## - NÚMERO INTERNACIONAL ESTÁNDAR DEL LIBRO
Número Internacional Estándar del Libro 9791035825720
040 ## - FUENTE DE LA CATALOGACIÓN
Centro/agencia transcriptor tbs
041 ## - CÓDIGO DE LENGUA
Código de lengua del texto/banda sonora o título independiente spa
-- fre
050 ## - SIGNATURA TOPOGRÁFICA DE LA BIBLIOTECA DEL CONGRESO
Número de clasificación PQ6653
Número de documento/Ítem H57 B84 2022
100 ## - ENTRADA PRINCIPAL--NOMBRE DE PERSONA
Nombre de persona Chirbes, Rafael
Fechas asociadas al nombre 1949-2015
9 (RLIN) 25264
Término indicativo de función/relación author
245 ## - MENCIÓN DE TÍTULO
Título La buena letra
Mención de responsabilidad, etc. / Rafael Chirbes.
260 ## - PUBLICACIÓN, DISTRIBUCIÓN, ETC.
Lugar de publicación, distribución, etc. Paris :
Nombre del editor, distribuidor, etc. Belin Éducation,
Fecha de publicación, distribución, etc. 2022.
300 ## - DESCRIPCIÓN FÍSICA
Extensión 204 pages ;
Dimensiones 19 cm.
490 ## - MENCIÓN DE SERIE
Mención de serie No tan clásicos,
Designación de volumen o secuencia 2822-8480.
505 ## - NOTA DE CONTENIDO CON FORMATO
Nota de contenido con formato Marginal vocabulary notes (in French and Spanish) — A comprehensive file to understand the work, its characters, major themes, and its context — Quizzes to memorize the essentials in a playful manner — Activities to improve in English, thanks to the text of an exceptional author — Contains exercises in the form of quizzes. The work is accompanied by a downloadable pedagogical guide at belin-education.com.
520 ## - SUMARIO, ETC.
Sumario, etc. Au soir d'une existence meurtrie par la guerre civile espagnole, Ana répond à l'amnésie historique par le récit de sa vie, qu'elle livre à son fils. En raccomodant les fragments de sa mémoire familiale, elle règle ses comptes avec tous ceux qui, de leur plus belle écriture, trahissent les leurs. Ces souvenirs de lutte et d'efforts incessants qui ont composé sa vie l'emplissent d'amertume autant qu'ils en réhabilitent la dignité
520 ## - SUMARIO, ETC.
Sumario, etc. Al atardecer de una existencia marcada por la guerra civil española, Ana responde a la amnesia histórica con el relato de su vida, que entrega a su hijo. Al recomponer los fragmentos de su memoria familiar, salda cuentas con todos aquellos que, con su más bella caligrafía, traicionan a los suyos. Estos recuerdos de lucha y de esfuerzos constantes que conformaron su vida la llenan de amargura tanto como le devuelven la dignidad.
520 ## - SUMARIO, ETC.
Sumario, etc. At the twilight of a life scarred by the Spanish Civil War, Ana responds to historical amnesia by recounting her life story, which she shares with her son. As she pieces together the fragments of her family memory, she settles accounts with all those who, in their finest handwriting, betray their own. These memories of struggle and relentless effort that shaped her life fill her with bitterness, even as they restore her dignity.
650 #0 - PUNTO DE ACCESO ADICIONAL DE MATERIA--TÉRMINO DE MATERIA
Término de materia o nombre geográfico como elemento de entrada Spanish language
Subdivisión general Study and teaching
-- Foreign speakers
9 (RLIN) 12080
942 ## - ELEMENTOS DE ENTRADA AGREGADA (KOHA)
Fuente del sistema de clasificación o colocación Clasificación de Library of Congress
Holdings
Estado de retiro Estado de pérdida Fuente del sistema de clasificación o colocación Estado dañado No para préstamo Biblioteca de origen Biblioteca actual Fecha de adquisición Total de préstamos Signatura topográfica completa Código de barras Fecha visto por última vez Número de copia Precio válido a partir de Tipo de ítem Koha
    Clasificación de Library of Congress     TBS Barcelona TBS Barcelona 16/05/2025   READER-SP CHI B05725 16/05/2025 1 16/05/2025 Teach Yourself Spanish

Powered by Koha